000 01046nam a22003257a 4500
001 BR9101966
003 BR-BrBNA
005 20230928093554.0
007 ta
008 230509b bl.||||| |||| 00| 0 por d
040 _aBR-BrBNA
_bpor
_cBiblioteca Nacional de Agricultura
041 _a(Por)
072 _aQ04; Q02
_b9410
_b9420
_b5217
090 _ 9410 BR9101966
100 1 _aSmith, M. de A.P.
110 1 _aEscola Superior de Agricultura Luiz de Queiroz, Piracicaba, SP (Brasil)
_0Tese (Mestrado)
245 1 _aValor nutricional do leite e estabilidade da manteiga de racas bubalinas (Bubalus bubalis var. bubalis, L.)
260 3 _aFortaleza, CE (Brasil):
_c1988.
300 _a203 p.
500 _aBibliography p. 168-179 (127 ref.); Summaries (Eng, Por); 20 graphs
650 _aLEITE
650 _aCREME DE LEITE
650 _aMANTEIGA
650 _aBUFALO
650 _aVALOR NUTRITIVO
650 _aCOMPOSICAO DE ALIMENTO
650 _aINDUSTRIA ALIMENTICIA
909 _a202309
_bLucia
_c55
_dLucia Elande
942 _cBK
999 _c45770
_d45770